Infinite and finite sets : to Paul Erdös on his 60th birthday /

Guardado en:
Autores Corporativos: Colloquium on Infinite and Finite Sets, Keszthely, Hungary,, Bolyai János Matematikai Társulat.
Otros Autores: Erdös, Paul, 1913-, Hajnal, A. (Editor ), Rado, Richard, 1906- (Editor ), Sós, Vera T. (Editor )
Formato: Libro
Idioma:English
Publicado: Amsterdam : North-Holland, c1975.
Series:Colloquia mathematica Societatis János Bolyai ; 10
Materias:
Etiquetas: Agregar Etiqueta
Sin Etiquetas, Sea el primero en etiquetar este registro!
LEADER 01460cam a2200337 a 4500
001 MAT.inmabb002616
008 750812s1975####ne#a#####b####110#0#eng##
005 20170612145212.0
245 1 0 |a Infinite and finite sets :  |b to Paul Erdös on his 60th birthday /  |c edited by A. Hajnal, R. Rado and Vera T. Sós. 
260 |a Amsterdam :  |b North-Holland,  |c c1975. 
300 |a 3 v. (1555 p.) :  |b il. ;  |c 25 cm. 
440 0 |a Colloquia mathematica Societatis János Bolyai ;  |v 10 
500 |a Trabajos presentados en el 'Colloquium on Infinite and Finite Sets', organizado por la János Bolyai Society, en Keszthely, Hungría, del 25 de junio al 1 de julio de 1973. 
504 |a Incluye referencias bibliográficas. 
510 4 |a MR,  |c 50 #12526 
020 |a 0720428149 
111 2 |a Colloquium on Infinite and Finite Sets,  |c Keszthely, Hungary,  |d 1973. 
700 1 |a Erdös, Paul,  |d 1913- 
700 1 |a Hajnal, A.  |4 edt 
700 1 |a Rado, Richard,  |d 1906-  |4 edt 
700 1 |a Sós, Vera T.  |4 edt 
710 2 |a Bolyai János Matematikai Társulat. 
650 0 |a Combinatorial analysis  |x Congresses. 
650 0 |a Set theory  |x Congresses. 
600 1 0 |a Erdös, Paul,  |d 1913- 
084 |a 00B15 (01A70 03Exx 03-06 05-06)  |2 msc2000 
010 |a  75321560  
040 |a DLC  |c DLC  |d DLC 
859 |h 00B15  |i In43  |p A-5038  |v 1  |3 Vol. I  |b BIB. MATEMATICA 
859 |h 00B15  |i In43  |p A-5039  |v 2  |3 Vol. II  |b BIB. MATEMATICA 
859 |h 00B15  |i In43  |p A-5040  |v 3  |3 Vol. III  |b BIB. MATEMATICA